000 00529nam a22001817a 4500
005 20171106152646.0
010 _aENG-121244
020 _c200.00
_a9789350451304
035 _aEN-104776
037 _bDBAD/PUB
082 _a881
100 _aAisola,Priti
245 _aA dinner invite to god and other poems /
_cby Priti Aisola
260 _aCalcutta
_bA Writers Workshop Publication
_c2016
270 _a162/92 Lake Gardens
_bCalcutta
_e700045
300 _a80p.
_c22cm(Hb)
942 _2ddc
_cEN
_h881
_mAIS
999 _c147207
_d147207